Kentli Ayvalık (Record no. 1445)

MARC details
000 -BAŞLIK
Sabit Uzunlukta Kontrol Alanı 00706na a2200241 4500
001 - KONTROL NUMARASI
Denetim Alanı 16503
003 - KONTROL NUMARASI IDENTIFIER
Denetim Alanı MIRAKIL
005 - SON İŞLEM TARİHİ VE ZAMANI
Denetim Alanı 20181213154823.0
008 - SABİT-BOY VERİ ELEMANLARI - GENEL BİLGİLER
Sabit Uzunlukta Kontrol Alanı 161007b tu 000 0
020 ## - ULUSLARARASI STANDART KİTAP NUMARASI
Uluslararası Standart Kitap Numarası 9752707777
040 ## - KATALOGLAMA KAYNAK
Orijinal Kataloglama Ajansı Milas
Kataloglama Dili tur
Metne Dönüştürmek Ajansı TR-AnCHP
041 ## - DİL KODU
Metin / Ses Parça Veya Ayrı Başlığın Dil Kodu tur
-- gre
082 ## - DEWEY ONLU SINIFLANDIRMA NUMARASI
Sınıflandırma Numarası 956.2211
Ürün Numarası A44k 2005
090 ## - SINIFLAMA NUMARASI
Sınıflama Numarası 956.2211 A44k 2005
100 ## - ANA GİRİŞ - KİŞİSEL İSİM
Kişisel Ad Akın, Berrin
245 ## - BAŞLIK TABLOSU
Başlık Kentli Ayvalık
Başlığın Kalan to a'ı'baaλı h πoλh
Sorumluluk Tablosu, Vb Berrin Akın ; yunancadan çeviren Hakan Dinç
260 ## - YAYIN, DAĞITIM, VB
Yayın, Dağıtım, Vb Yeri İstanbul
Yayıncı, Dağıtıcı, Vs Adı [yayl. y.]
Yayın, Dağıtım, Vb Tarihi 2005
Üretici Firma Graphis Matbaa
300 ## - FİZİKSEL TANIM
Kapsam 171 s.
Diğer Fiziksel Ayrıntıları res.
Boyutlar 22x22 sm.
504 ## - KAYNAKÇA VB NOT
Kaynakça Vb Notu Kaynakça var.
651 ## - KONU KATMA GİRİŞ - COĞRAFİ ADI
Coğrafi İsim Ayvalık (Balıkesir)
Genel Alt Bölümü Kılavuzlar
700 ## - KATMA GİRİŞ - KİŞİSEL İSİM
Kişisel Ad Dinç, Hakan
942 ## - EKLENDİ GİRİŞ ELEMANLARI (KOHA)
Sınıflandırma Veya Raf Düzeni Kaynak
Koha Öğesi Türü Books
999 ## - SİSTEM KONTROL NUMARALARI (KOHA)
Koha Biblionumber 1445
Koha Biblioitemnumber 1445
Holdings
Kalıcı Konum Mevcut Konum Edinme Tarihi Edinim Kaynak Toplam Check-Out'Lar Tam Çağrı Numarası Barkod Tarih Son Görülme İtibaren Geçerli Fiyatlar Koha Öğesi Türü
CHP Kütüphanesi CHP Kütüphanesi 10/07/2016 Bağış   956.2211 A44k 2005 006522 10/07/2016 10/07/2016 Books